01005nam a22001935i 4500001000700000003000900007005001700016008004100033100005400074245013900128260006100267300002200328500008700350500001900437700002900456852018000485999001900665952012700684171265ES-MaACL20251012063101.0090507s1863 sp |||| | spa d1 aGarcía Santisteban, Rafael, d1829-1893914004113aEl sueño del pescador b: zarzuela en tres actos y en verso / cletra de Rafael García y Santisteban ; música de Miguel Albelda. aMadrid : b[s.n.], c1863 (fImp. de José Rodríguez) a106 p. ; c18 cm. aEn port.: Estrenada en el teatro de la Zarzuela la noche del 4 de febrero de 1863. aSolo la letra.1 aAlbelda, Miguel.9140051 aES-MaACLjF-8594(9) z.- Enc. pasta española q.- Falto de la cub. originalz.- Enc. en un vol. facticio formando parte de la col. facticia"Teatro español moderno", vol.47 c171265d171265 001040708LIBXIXaATENEOMbATENEOMcSPP2d2009-05-07eSCl0oF-8594(9)p1179732r2023-02-23 00:00:00w2023-02-23yMONANT